Best-Selling Car Models - Statistics

General Stats
  • This quiz has been taken 33 times
  • The average score is 6 of 10
Answer Stats
Hint Answer % Correct
24M+ : Honda Civic
97%
50M+ : Toyota Corolla
94%
35M+ : Volkswagen Golf
84%
16.5M+ : Ford Fiesta
71%
23M+ : Volkswagen Passat
68%
18M+ : Opel / Vauxhall Corsa
61%
21M+ : Volkswagen Beetle
58%
41M+ : Ford F-150
55%
16.5M+ : Ford Model T
35%
17.75M+ : Lada Classic
10%
No matching quizzes found
Score Distribution
Percent of People with Each Score
Percentile by Number Answered
Your Score History
You have not taken this quiz